Project management : a strategic planning approach (Record no. 443894)

000 -LEADER
fixed length control field 00419cam a22001457a 4500
008 - FIXED-LENGTH DATA ELEMENTS--GENERAL INFORMATION
fixed length control field 180718b2005 xxu||||| |||| 00| 0 eng d
020 ## - INTERNATIONAL STANDARD BOOK NUMBER
International Standard Book Number 9780333982228
082 ## - DEWEY DECIMAL CLASSIFICATION NUMBER
Classification number I57 G168
100 ## - MAIN ENTRY--PERSONAL NAME
Personal name Gardiner, Paul D.
245 ## - TITLE STATEMENT
Title Project management : a strategic planning approach
Statement of responsibility, etc. by Paul D. Gardiner
260 ## - PUBLICATION, DISTRIBUTION, ETC.
Place of publication, distribution, etc. New York
Name of publisher, distributor, etc. Palgrave
Date of publication, distribution, etc. 2005
300 ## - PHYSICAL DESCRIPTION
Extent 322p.
650 ## - SUBJECT ADDED ENTRY--TOPICAL TERM
Topical term or geographic name entry element Strategic planning
650 ## - SUBJECT ADDED ENTRY--TOPICAL TERM
Topical term or geographic name entry element Project management
Holdings
Withdrawn status Lost status Damaged status Not for loan Permanent Location Current Location Date acquired Full call number Barcode Date last seen Price effective from Koha item type
        Indian Institute of Public Administration Indian Institute of Public Administration 2014-05-22 I57 G168 85717 2018-07-21 2018-07-21 Book

Powered by Koha